00639cam a22002411 4500001001300000003000400013005001700017008004100034010001700075025002000092035002000112040002100132042001200153050002100165100004400186245002400230260001100254300004400265500001500309500001200324600004400336999001700380sa 68015508 DLC20260227112644.0940711s1966 ii ac 000 0 telo  asa 68015508  aPL480:I-Te-1800 a(OCoLC)30748222 aDLCcCUdCUdDLC apremarc00aPL4780.9.V25bP61 aVaradacharyulu, Vanamamali,d1912-1984.10aPōtana caritramu. c[1966] axviii, 403, 10 p.bill., ports.c25 cm. aIn Telugu. aA poem.00aPōtana,dactive 15th centuryvPoetry. c86486d86486